00384cam a22001337a 4500008004000000020001500040082001800055100003300073245006300106260002400169300001000193650002300203650002400226180718b1991 xxu||||| |||| 00| 0 eng d a8185294046 aB1243x54 C393 aChowdhry, Vishwamitra Prasad aBharat mein sampradaiyiktacby Vishwamitra Prasad Chowdhry aDelhibOrientc1991 a196p. aSecularism - India aCommunalism - India